| 000 | 02873nam0a2200397 4500 | ||
|---|---|---|---|
| 001 | RU\NLR\BIBL_A\022720247 | ||
| 005 | 20260407122558.0 | ||
| 010 |
_a978-5-6053600-4-9 _9100 |
||
| 021 |
_aRU _bКН-П-25-077537 _9КН-П-25-7519 |
||
| 035 | _a(NLR Aleph) 022720247 | ||
| 090 |
_a13653751 _c13653751 |
||
| 100 | _a20260205d2025 k y0rusy50 ca | ||
| 101 | 0 | _arus | |
| 102 | _aRU | ||
| 105 | _aa z 000zy | ||
| 181 | 0 |
_ai3 _baxxe |
|
| 182 | 0 | _an | |
| 200 | 1 |
_aУстойчивое развитие регионов в условиях перехода к новому технологическому укладу _eмонография _fЕ.В. Воронина, О.Г. Смешко, Н.П. Голубецкая [и др.] _gпод общей редакцией О.Г. Смешко _gСанкт-Петербургский университет технологий управления и экономики под научно-методическим руководством Российской академии наук, Институт управления и информационных технологий, Кафедра менеджмента и государственного и муниципального управления |
|
| 203 |
_aТекст _bвизуальный _cнепосредственный |
||
| 210 |
_aСанкт-Петербург _cИздательско-полиграфический центр Санкт-Петербургского университета технологий управления и экономики _d2025 |
||
| 215 |
_a158 с. _cил. _d21 |
||
| 300 | _aАвт. указаны в макете на обороте тит. с. | ||
| 300 | _aНа обл.: СПбУТУиЭ 35 лет | ||
| 320 | _aБиблиогр.: с. 146-158 (108 назв.) | ||
| 606 | 1 |
_aУстойчивого развития концепция _xРегиональный аспект _2nlr_sh2 _3RU\NLR\AUTH\6601764869 |
|
| 606 | 1 |
_aУстойчивого развития концепция _yРоссийская Федерация _2nlr_sh1 _2nlr_sh2 _3RU\NLR\AUTH\661360677 |
|
| 686 | 1 | _aУ9(2)-961-314(2Р) | |
| 701 | 1 |
_aВоронина _bЕ. В. |
|
| 701 | 1 |
_aСмешко _bО. Г. _gОлег Григорьевич |
|
| 701 | 1 |
_aГолубецкая _bН. П. _gНаталья Петровна |
|
| 712 | 0 | 2 |
_aСанкт-Петербургский университет технологий управления и экономики _bИнститут управления и информационных технологий _bКафедра менеджмента и государственного и муниципального управления _3RU\NLR\AUTH\880638674 _4570 |
| 942 | _cBOOK | ||
| 980 | _aNB | ||